Geography Quiz

Random Geography or World Quiz

World's Top Party Destinations Quiz Stats

 Plays Quiz not verified by Sporcle

Score 0/14 Timer 08:00
0 Plays Today
Country Destination % Correct
USANew York
92.2%
BrazilRio de Janeiro
92%
ArgentinaBuenos Aires
91.5%
UKLondon
89.8%
GermanyBerlin
89.3%
USALos Angeles
87.8%
ThailandBangkok
87.5%
Country Destination % Correct
IsraelTel Aviv
84%
IcelandReykjavik
74.8%
USALas Vegas
65.7%
SpainIbiza
50.8%
MoroccoMarrakesh
38.1%
FranceSt Tropez
13.6%
CroatiaHvar
6%

You're not logged in!

Compare scores with friends on all Sporcle quizzes.
OR
Log In

Show Comments

Extras

Top Quizzes Today


Score Distribution

Your Account Isn't Verified!

In order to create a playlist on Sporcle, you need to verify the email address you used during registration. Go to your Sporcle Settings to finish the process.

Report this User

Report this user for behavior that violates our Community Guidelines.

Details: